00900cam a2200253 a 450000100100000000500170001000800410002702000150006804000250008308200180010810000350012624000350016124500750019626000430027130000210031453400440033565000310037965000350041070000300044591000280047591000070050395201210051099900150063100000380920200929150558.0921014s1995 ag 000 1 spa  a9501515532 aDO-SdBNPbspacBNPHU a813.54bB636u1 aBlake, Jennifer,d1942-91155610aArrow to the heart.lEspañol10aUna flecha al corazón /cJennifer Blake ; traducción, Ana Mazía. aBuenos Aires :bJavier Vergara,c1995. a309 p. ;c23 cm. pTítulo original :tArrow to the heart 4aNovela estadounidense9262 4aLiteratura estadounidense92631 aMazía, Ana,etr.911117 aCatalogación derivada aWM 001052708MOaGRbGRcHDd2009-07-13iLF1l0o813.54 B636up3809-10r2020-06-25w2020-06-25y2ZPréstamo interno c3631d3631